| 000 | 00546 a2200169 4500 | ||
|---|---|---|---|
| 020 | _a032100972X | ||
| 020 | _a9780321009722 | ||
| 082 | 0 | 4 | _a530 |
| 090 |
_c1160 _d1160 |
||
| 100 | 1 | _aHewitt, Paul G. | |
| 245 | 1 | 0 |
_aConceptual physics : _bpracticing physics / _cPaul G. Hewitt. |
| 260 |
_a[S.l.] : _bAddison-Wesley, _c2006. |
||
| 300 |
_a107 p. ; _c28 cm. |
||
| 700 | _aHewitt, Paul G. | ||
| 942 |
_aSNS _cBK _k530 HEW |
||
| 999 |
_c29773 _d29773 |
||